Whole-life costs (Record no. 77791)
[ view plain ]
| 000 -LEADER | |
|---|---|
| fixed length control field | 00761cab a2200193 4500 |
| 001 - CONTROL NUMBER | |
| control field | ##L135125 |
| 008 - FIXED-LENGTH DATA ELEMENTS--GENERAL INFORMATION | |
| fixed length control field | 060926n2006 000 0 eng u |
| 035 ## - SYSTEM CONTROL NUMBER | |
| System control number | (Sirsi) u135125 |
| 041 0# - LANGUAGE CODE | |
| Language code of text/sound track or separate title | eng |
| 100 1# - MAIN ENTRY--PERSONAL NAME | |
| Personal name | Weight, David |
| 245 00 - TITLE STATEMENT | |
| Title | Whole-life costs |
| Remainder of title | basements |
| 260 ## - PUBLICATION, DISTRIBUTION, ETC. | |
| Date of publication, distribution, etc. | 2006 |
| 490 #0 - SERIES STATEMENT | |
| Series statement | Building |
| Volume/sequential designation | 271(8448) 22 September 2006, 68-73(6) |
| 520 ## - SUMMARY, ETC. | |
| Summary, etc. | Provides a comparison of whole-life costs for full and half basements. Includes capital costs, repair and maintenance costs, energy costs and whole-life cost changes for both types of basement. Also highlights construction issues and key risks of basement construction. Graphs. |
| 590 ## - LOCAL NOTE (RLIN) | |
| Local note | IKA031006 |
| 651 #4 - SUBJECT ADDED ENTRY--GEOGRAPHIC NAME | |
| Geographic name | United Kingdom |
| Chronological subdivision | |
| 690 ## - LOCAL SUBJECT ADDED ENTRY--TOPICAL TERM (OCLC, RLIN) | |
| Topical term or geographic name as entry element | BUILT ENVIRONMENT-BUILDING COSTS |
| 942 ## - ADDED ENTRY ELEMENTS (KOHA) | |
| Suppress in OPAC | 0 |
| Withdrawn status | Lost status | Source of classification or shelving scheme | Damaged status | Not for loan | Home library | Current library | Shelving location | Date acquired | Total Checkouts | Full call number | Barcode | Date last seen | Copy number | Price effective from | Koha item type |
|---|---|---|---|---|---|---|---|---|---|---|---|---|---|---|---|
| Dewey Decimal Classification | London | London | Journal article | 26/09/2006 | L135125 | 135125-1001 | 06/08/2019 | 1 | 06/08/2019 | Journal article |